Jewish times : (Record no. 959)

MARC details
000 -LEADER
fixed length control field 00690nam a2200253 a 4500
005 - DATE AND TIME OF LATEST TRANSACTION
control field 20260322212041.0
008 - FIXED-LENGTH DATA ELEMENTS--GENERAL INFORMATION
fixed length control field data
010 ## - LIBRARY OF CONGRESS CONTROL NUMBER
LC control number 88-12797
020 ## - INTERNATIONAL STANDARD BOOK NUMBER
International Standard Book Number 0395446805
020 ## - INTERNATIONAL STANDARD BOOK NUMBER
International Standard Book Number 9780395446805
040 ## - CATALOGING SOURCE
Original cataloging agency DLC
Transcribing agency DLC
043 ## - GEOGRAPHIC AREA CODE
Geographic area code n-us---
050 0# - LIBRARY OF CONGRESS CALL NUMBER
Classification number E184.J5
Item number S544 1988
082 0# - DEWEY DECIMAL CLASSIFICATION NUMBER
Classification number 973/.04924
Edition information 19
092 ## - LOCALLY ASSIGNED DEWEY CALL NUMBER (OCLC)
Classification number 973.04 S544 1988
001 - CONTROL NUMBER
control field data
100 1# - MAIN ENTRY--PERSONAL NAME
Personal name Simons, Howard.
245 10 - TITLE STATEMENT
Title Jewish times :
Remainder of title voices of the American Jewish experience /
Statement of responsibility, etc. Howard Simons.
260 0# - PUBLICATION, DISTRIBUTION, ETC.
Place of publication, distribution, etc. Boston :
Name of publisher, distributor, etc. Houghton Mifflin Co.,
Date of publication, distribution, etc. 1988.
300 ## - PHYSICAL DESCRIPTION
Extent 418 p. ;
Dimensions 25 cm.
500 ## - GENERAL NOTE
General note "A Marc Jaffe book."
650 #0 - SUBJECT ADDED ENTRY--TOPICAL TERM
Topical term or geographic name entry element Jews
Geographic subdivision United States
General subdivision Interviews.
651 #0 - SUBJECT ADDED ENTRY--GEOGRAPHIC NAME
Geographic name United States
General subdivision Ethnic relations.
Holdings
Withdrawn status Lost status Damaged status Not for loan Home library Current library Shelving location Date acquired Total checkouts Full call number Barcode Date last seen Price effective from Koha item type
        Midway Midway General stacks 22/03/2026   973/.04924 19 BC0010991 22/03/2026 22/03/2026 Books